• 首页
  • 本馆介绍
  • 公告通知
  • 最新文献
  • 馆藏检索
  • 电子资源
  • 读者导购
  • 参考咨询
  • 我的图书馆
  • 登录
  • 详细信息显示
  • 放入我的书架
  • 预约/预借图书
  • 作者相关作品
  • 分类相关作品
  • 丛书相关作品
  • 出版社相关作品

书目信息

  • 表格格式
  • 工作单格式
  • 卡片格式
题名:
故事新编
    
 
作者: 鲁迅 著
分册:  
出版信息: 北京   外文出版社  2002
页数: 240页
开本: 19cm
丛书名:
单 册:
中图分类: H339.4 , I210.6
科图分类:
主题词: 鲁迅小说--德语--汉语--对照读物 , CT--S049230--鲁迅小说
电子资源:
ISBN: 7-119-02976-2
000 00886nam0 2200277 45
001 012002042399
005 20070805101043.40
010    @a7-119-02976-2@dCNY13.00
035    @a(011001)c2002035953
100    @a20020521d2002 em y0chiy0110 ea
101 2  @achi@ager@cchi
102    @aCN@b110000
105    @ay z 000ay
106    @ar
200 1  @a故事新编@Agu shi xin bian@e(德汉对照读物)@E( de han dui zhao dou wu )@f鲁迅著@Flu xun zhu
210    @a北京@c外文出版社@d2002
215    @a240页@d19cm
330    @a本书收入“补天”、“奔月”、“理水”、“采薇”、“铸剑”、“出关”、“非攻”、“起死”八篇小说。
510 1  @aAlte Geschichten neu Erzahlt@zger
606 0  @a鲁迅小说@x德语@x汉语@j对照读物
606 0  @2CT@3S049230@a鲁迅小说
690    @aH339.4@v4
690    @aI210.6@v4
701  0 @a鲁迅@Alu xun@4著
801  0 @aCN@bNLC@c20070805
905    @dH339.4@e214@f3
    
    故事新编:(德汉对照读物)/鲁迅著.-北京:外文出版社,2002
    240页;19cm
    
    
    ISBN 7-119-02976-2:CNY13.00
    本书收入“补天”、“奔月”、“理水”、“采薇”、“铸剑”、“出关”、“非攻”、“起死”八篇小说。
●
相关链接 在E读中查询图书 在五车中查询图书 在当当中查询图书 在豆瓣中查询图书


正题名:故事新编     索取号:H339.4/214         预约/预借

序号 登录号 条形码 馆藏地/架位号 状态 备注
1 0852428   208524284   第二样本阅览室/ [索取号:H339.4/214] 在馆    
2 0852429   208524293   第四借阅区/ [索取号:H339.4/214] 在馆    
3 0852430   208524300   第四借阅区/ [索取号:H339.4/214] 在馆    
唐山师范学院图书馆 欢迎您!
大连网信软件有限公司© 版权所有